Astrológia : ako čítať Boží rukopis : ako horoskop pomôže pochopiť náš život /
Saved in:
| Main Author: | |
|---|---|
| Other Authors: | |
| Format: | Book |
| Language: | Slovak German |
| Published: |
Bratislava :
Noxi,
2011.
|
| Edition: | 1. vyd. |
| Subjects: | |
| ISBN: |
9788081110481 (viaz.) |
| Physical Description: |
135 s., [4] s. obr. príl. : fotogr., il., tab. ; 21 cm. |
| Tags: |
Add Tag
No Tags, Be the first to tag this record!
|
Titul je dostupný aj v ... 

MARC
| LEADER | 00000nam a2200000 a 4500 | ||
|---|---|---|---|
| 001 | 000375331 | ||
| 005 | 20111124092751.0 | ||
| 008 | 110930s2011 xo alo e 000 0 slo d | ||
| 020 | |a 9788081110481 (viaz.) | ||
| 040 | |a SVKKK |b slo |c SVKKK |e AACR2 | ||
| 041 | 1 | |a slo |h ger | |
| 044 | |a xo |c SK | ||
| 072 | 7 | |a 133 |x Ezoterizmus. Okultizmus |2 konspekt | |
| 080 | |a 133.52 |2 2001 | ||
| 080 | |a 133.526 |2 2001 | ||
| 080 | |a (0.062) |2 2001 | ||
| 100 | 1 | |a Lindemann, Christine, |d 1956- | |
| 240 | 1 | 4 | |a Die Handschrift Gotter lesen. |l Slovensky |
| 245 | 1 | 0 | |a Astrológia : |b ako čítať Boží rukopis : ako horoskop pomôže pochopiť náš život / |c Christine Lindemann ; [z nemeckého originálu preložila Mária Jakubičková]. |
| 250 | |a 1. vyd. | ||
| 260 | |a Bratislava : |b Noxi, |c 2011. | ||
| 300 | |a 135 s., [4] s. obr. príl. : |b fotogr., il., tab. ; |c 21 cm. | ||
| 500 | |a Preklad z nem. orig. | ||
| 500 | |a Údaj o prekl. prevzatý z tiráže | ||
| 500 | |a Poznámky | ||
| 504 | |a Bibliografia: s. 130-135 | ||
| 650 | 0 | 7 | |a astrológia |2 SVKKKPH |
| 650 | 0 | 7 | |a horoskopy |2 SVKKKPH |
| 655 | 7 | |a populárno-náučné publikácie |2 SVKKKPH | |
| 700 | 1 | |a Jakubičková, Mária |4 trl | |
| 765 | 0 | |t Handschrift Gotter lesen. Slovensky |a Lindemann, Christine, 1956- | |
| 910 | |a svkkk | ||
| 919 | |a 978-80-8111-048-1 | ||
| 998 | |a BK | ||
| 090 | |g SCKHL |k Sklad Hlavná 10 prízemie |a III.221249 |j 1031127 |i 2720256771 |s Absenčne | ||